000 00622nam a2200193Ii 4500
003 JO-AjNU
008 230605s9999||||xx |||||||||||||| ||und||
040 _aJO-AjNU
_bara
_erda
_cJO-AjNU
041 _aara
050 1 4 _aTD480.2.H3
100 3 _aالحاروني، يوسف مصطفى,
_eauthor
_915701
245 0 0 _aتحويل الماء الملح الى ماء عذب
300 _a143ص
336 _atext
_btxt
_2rdacontent
337 _aunmediated
_bn
_2rdamedia
338 _avolume
_bnc
_2rdacarrier
490 0 _aسلسلة العلم للجميع 1
650 4 _aتحلية مياه البحر- تنقية
_915702
999 _aA4495
_c8063
_d8063